Biblioteca

Biblia de Estudio (Registro nro. 31642)

Detalles MARC
000 -LÍDER
Campo fijo de descripción fija 006790000a22002290004500
001 - NÚMERO DE CONTROL
Campo de control 91
003 - IDENTIFICADOR DEL NÚMERO DE CONTROL
Campo de control CO-MdFUSB
005 - FECHA Y HORA DE LA ULTIMA TRANSACCIÓN
control field 20160528101225.0
008 - ELEMENTOS DE LONGITUD FIJA -- INFORMACIÓN GENERAL
Campo fijo de descripción fija -- Información general 160528t2002 flubcedf |||| 00| 0 spa d
040 ## - FUENTE DE CATALOGACIÓN
Agencia de catalogación original CO-MdFUSB
Idioma de catalogación Español
Agencia que realiza la transcripción CO-MdFUSB
Agencia que realiza la modificación CO-MdFUSB
041 0# - CÓDIGO DE IDIOMA
Código de idioma para texto/pista de sonido o título separado spa
082 04 - NÚMERO DE CLASIFICACIÓN DECIMAL DEWEY
Número de clasificación R 220.546 S67847b
245 10 - TÍTULO
Título del Material Biblia de Estudio
Parte restante del título - Subtitulo : N.V.I.
Mención de responsabilidad, etc. / Luciano Jaramillo, Editor general; Athala Jaramillo, Editor asistente
264 ## - PRODUCCIÓN, PUBLICACIÓN, DISTRIBUCIÓN, MANUFACTURA, Y COPYRIGHT
Lugar de producción, publicación, distribución, manufactura Miami, FL., USA
Nombre del productor, publicador, distribuidor : Vida
Fecha de producción, publicación, distribución, manufactura, o copyright 2002
300 ## - DESCRIPCIÓN FÍSICA
Extensión 2339 Pag.
336 ## - TIPO DE CONTENIDO
Fuente rdacontent
Término de tipo de contenido
Código de tipo de contenido
337 ## - TIPO DE MEDIO
Fuente rdamedia
Nombre del tipo de medio
Código del tipo de medio
338 ## - TIPO DE SOPORTE
Fuente rdacarrier
Nombre del tipo de soporte
Código Tipo de soporte
505 ## - NOTA DE CONTENIDO
Nota de contenido con formato preestablecido Biblia de Estudio
653 ## - TÉRMINO DE INDIZACIÓN - NO CONTROLADO
Término no controlado BIBLIA
-- \ VERSIONES DE LA BIBLIA
942 ## - TIPO DE MATERIAL (KOHA)
Tipo de Item KOHA Libros General
Existencias
Estado de Material Estado de Perdido Estado de Dañado No para Préstamo Colección Tomo Biblioteca de Origen Biblioteca Permanente Fecha de Adquisición Total de Préstamos Signatura Topográfica Código de Barras Última vez visto Última vez Préstado Ejemplar/Existencia Fecha de Remplazo Tipo de Material
        Colección de Referencia   Biblioteca FUSBC Biblioteca FUSBC 25/08/2004 2 R 220.546 S67847b 26776 26/06/2025 10/03/2020 1 26/01/2016 Libros de Referencia

Biblioteca FUSBC | Teléfono: (57+4) 349 88 10 Ext. 141| WhatsApp (+57) 3005338115 
E-mail: biblioteca@unisbc.edu.co | Calle 76 87-14 Robledo Palenque, Medellín, Colombia

Con tecnología Koha